| 000 | 00517nam a22001697a 4500 | ||
|---|---|---|---|
| 008 | 131011b xxu||||| |||| 00| 0 alb d | ||
| 020 | _a9789951410236 | ||
| 041 | 0 | _aalb | |
| 080 | _a821.18.09 : 292 | ||
| 100 | 1 | _aÇitaku, Muhamed | |
| 245 | 1 | 0 |
_aMythos dhe Eidos / _cMuhamed Çitaku. |
| 260 |
_aPrishtinë : _bAIKD ; _c[2008]. |
||
| 300 |
_a130 f. : _c20 cm. |
||
| 505 | _aLiteratura : f. 127-128 | ||
| 650 | 0 |
_aLetërsia shqipe _xKritika, interpertimi. |
|
| 942 |
_2udc _cBK |
||
| 999 |
_c112 _d112 |
||